| 000 | 00446nam a22001817a 4500 | ||
|---|---|---|---|
| 003 | CEME | ||
| 005 | 20210628210650.0 | ||
| 008 | 210211b xxu||||| |||| 00| 0 eng d | ||
| 020 | _a81-7554-086-9 | ||
| 040 | _c. | ||
| 082 | _a658.409 EAL | ||
| 100 |
_aEales-White, Rupert _980421 |
||
| 245 | _aHow to be a better teambuilder | ||
| 260 |
_aNEW DELHI _bKOGAN PAGE _c1999 |
||
| 300 | _a139P | ||
| 650 |
_aTEAMBUILDER _980422 |
||
| 942 |
_cBK _2ddc |
||
| 999 |
_c585360 _d585360 |
||